| 000 | 01337nam a22003137a 4500 | ||
|---|---|---|---|
| 003 | OSt | ||
| 005 | 20260309015957.0 | ||
| 008 | 260308b |||||||| |||| 00| 0 eng d | ||
| 040 |
_aCvSU-CCAT Campus Library. _bEnglish. _cCvSU-CCAT Campus Library. _erda. |
||
| 050 |
_aUM HD 62.7 _bM37 2024 |
||
| 100 |
_aMargallo, Lj Trixia A., author. _919071 |
||
| 245 |
_aFrying Noodle House : enterprise development project / _cLj Trixia A. Margallo, Kimberly Miguel, Ma. Angelica J. Talingdan. |
||
| 260 |
_aRosario, Cavite : _bCavite State University-CCAT Campus, _c2024 |
||
| 300 |
_axiv, 86 leaves : _billustrations ; _c28 cm |
||
| 500 | _aEnterprise Development Project (BSBA)--Cavite State University-CCAT Campus, 2024. | ||
| 504 | _aIncludes bibliographical references. | ||
| 546 | _aIn English text. | ||
| 650 |
_aSmall business -- Management _98827 |
||
| 650 |
_aEntrepreneurship _9136 |
||
| 650 |
_aFood industry and trade _995 |
||
| 650 | _aSocial media marketing | ||
| 650 |
_aFood Service -- Marketing _918816 |
||
| 700 |
_aMiguel, Kimberly, author. _919072 |
||
| 700 |
_aTalingdan, Ma. Angelica J., author. _919073 |
||
| 700 |
_aVilla, John Leo Vy, adviser. _919074 |
||
| 700 |
_aSolis, Gerico G., technical critic. _918399 |
||
| 942 |
_2lcc _cT/M/D _hHD 62.7 M37 2024 _kUM |
||
| 999 |
_c4835 _d4835 |
||